Basic Mandarin Words #2 - Statistics

General Stats
  • This quiz has been taken 280 times
  • The average score is 7 of 14
Answer Stats
Mandarin Pinyin English % Correct
老師 Lao Shi Teacher
99%
電腦 Dian Nao Computer
66%
太陽 Tai Yang Sun
65%
火車 Huo Che Train
64%
筷子 Kuai Zi Chopstick
59%
椅子 Yi Zi Chair
57%
地圖 Di Tu Map
49%
鉛筆 Qian Bi Pencil
48%
狐狸 Hu Li Fox
32%
地板 Di Ban Floor
28%
風扇 Feng Shan Fan
26%
農夫 Nong Fu Farmer
26%
腳趾 Jiao Zhi Toe
19%
土星 Tu Xing Saturn
17%
No matching quizzes found
Score Distribution
Percent of People with Each Score
Percentile by Number Answered
Your Score History
You have not taken this quiz